000 00442nam a2200193Ia 4500
005 20240823040541.0
008 240823s9999||||xx |||||||||||||| ||und||
020 _a978-81-237-6616-4
041 _aENGLISH
082 _A324.954 Q2
100 _aBhaskara Rao N
245 0 _aPoll Surveys in Media
250 _a1st
260 _c2012
_bNational Book
500 _aYES
650 _aGeneral
_bGeneral
942 _cBK
999 _c203378
_d203378